000 00298nam a22001217a 4500
040 _cHS
082 _a657
100 _aអេង លេង
245 _aគណនេយ្យកសិកម្ម agricultural accounting
260 _aRUA
_bអេង លេង
_c2011
300 _a49p;
942 _cKB
999 _c9113
_d9113